[Event "Russian Rapid Team Championship (w)"]
[Site "Sochi"]
[Date "2022.10.19"]
[Round "6.7"]
[White "Garmash, Aliona"]
[Black "Bivol, Alina"]
[Result "0-1"]
[BlackElo "2264"]
[WhiteElo "2061"]
[LiveChessVersion "1.4.8"]

1. d4 {[%clk 0:15:19]} d5 {[%clk 0:15:05]} 2. Nf3 {[%clk 0:15:27]} Nf6
{[%clk 0:15:13]} 3. c4 {[%clk 0:15:35]} e6 {[%clk 0:15:22]} 4. Nc3
{[%clk 0:15:43]} c5 {[%clk 0:15:29]} 5. cxd5 {[%clk 0:15:48]} cxd4
{[%clk 0:15:38]} 6. Qxd4 {[%clk 0:15:42]} exd5 {[%clk 0:15:46]} 7. e4
{[%clk 0:15:45]} dxe4 {[%clk 0:15:49]} 8. Qxd8+ {[%clk 0:15:52]} Kxd8
{[%clk 0:15:58]} 9. Ng5 {[%clk 0:16:00]} Be6 {[%clk 0:16:07]} 10. Nxe6+
{[%clk 0:16:07]} fxe6 {[%clk 0:16:15]} 11. Bg5 {[%clk 0:16:13]} h6
{[%clk 0:14:18]} 12. Bxf6+ {[%clk 0:15:38]} gxf6 {[%clk 0:14:27]} 13. O-O-O+
{[%clk 0:15:44]} Ke7 {[%clk 0:13:40]} 14. Nxe4 {[%clk 0:15:46]} Nd7
{[%clk 0:13:31]} 15. Bb5 {[%clk 0:14:19]} Rc8+ {[%clk 0:12:05]} 16. Kb1
{[%clk 0:14:25]} Nb6 {[%clk 0:11:54]} 17. Rhe1 {[%clk 0:13:20]} Rc7
{[%clk 0:07:13]} 18. Rc1 {[%clk 0:08:39]} Rxc1+ {[%clk 0:05:55]} 19. Rxc1
{[%clk 0:08:48]} Nd5 {[%clk 0:05:45]} 20. Bc4 {[%clk 0:08:01]} Rg8
{[%clk 0:01:48]} 21. Ng3 {[%clk 0:06:09]} Rg5 {[%clk 0:01:25]} 22. Bb3
{[%clk 0:04:37]} Kd7 {[%clk 0:01:18]} 23. h4 {[%clk 0:03:10]} Re5
{[%clk 0:01:08]} 24. f3 {[%clk 0:01:38]} Nf4 {[%clk 0:01:12]} 25. Ne4
{[%clk 0:00:42]} Nxg2 {[%clk 0:00:56]} 26. Nxf6+ {[%clk 0:00:41]} Ke7
{[%clk 0:00:48]} 27. Ng4 {[%clk 0:00:12]} Re1 {[%clk 0:00:34]} 28. Rxe1
{[%clk 0:00:21]} Nxe1 {[%clk 0:00:42]} 29. Bd1 {[%clk 0:00:29]} Ng2
{[%clk 0:00:41]} 30. h5 {[%clk 0:00:14]} Nf4 {[%clk 0:00:50]} 31. Ne5
{[%clk 0:00:13]} Nxh5 {[%clk 0:00:51]} 32. Bc2 {[%clk 0:00:12]} Bg7
{[%clk 0:00:56]} 33. Ng4 {[%clk 0:00:19]} Nf4 {[%clk 0:00:51]} 34. Be4
{[%clk 0:00:20]} b6 {[%clk 0:00:52]} 35. Kc2 {[%clk 0:00:22]} h5 {[%clk 0:01:01]}
36. Nf2 {[%clk 0:00:22]} h4 {[%clk 0:01:03]} 37. b3 {[%clk 0:00:22]} Bd4
{[%clk 0:00:58]} 38. Nh1 {[%clk 0:00:17]} Kd6 {[%clk 0:01:05]} 39. Kd2
{[%clk 0:00:21]} Ke5 {[%clk 0:01:01]} 40. Ba8 {[%clk 0:00:15]} Bg1
{[%clk 0:00:44]} 41. Kc3 {[%clk 0:00:13]} Be3 {[%clk 0:00:53]} 42. Be4
{[%clk 0:00:20]} h3 {[%clk 0:00:37]} 43. Kc4 {[%clk 0:00:24]} h2 {[%clk 0:00:37]}
44. Kb5 {[%clk 0:00:26]} Nh3 {[%clk 0:00:26]} 45. Bb7 {[%clk 0:00:29]} Kf4
{[%clk 0:00:36]} 46. Ka6 {[%clk 0:00:15]} Nf2 {[%clk 0:00:41]} 0-1

[Event "Russian Rapid Team Championship (w)"]
[Site "Sochi"]
[Date "2022.10.19"]
[Round "6.8"]
[White "Borisova, Ekaterina"]
[Black "Getman, Tatyana"]
[Result "1-0"]
[BlackElo "2073"]
[WhiteElo "2150"]
[LiveChessVersion "1.4.8"]

1. Nf3 {[%clk 0:15:19]} d5 {[%clk 0:15:19]} 2. g3 {[%clk 0:15:28]} c5
{[%clk 0:15:26]} 3. Bg2 {[%clk 0:15:34]} Nf6 {[%clk 0:15:02]} 4. O-O
{[%clk 0:15:42]} e6 {[%clk 0:15:06]} 5. c4 {[%clk 0:15:48]} d4 {[%clk 0:15:11]}
6. e3 {[%clk 0:15:57]} Nc6 {[%clk 0:15:16]} 7. exd4 {[%clk 0:16:05]} cxd4
{[%clk 0:15:24]} 8. d3 {[%clk 0:16:13]} Bd6 {[%clk 0:15:07]} 9. Bg5
{[%clk 0:16:22]} h6 {[%clk 0:15:10]} 10. Bxf6 {[%clk 0:16:30]} Qxf6
{[%clk 0:15:18]} 11. Nbd2 {[%clk 0:16:38]} Qd8 {[%clk 0:15:23]} 12. Rc1
{[%clk 0:16:46]} O-O {[%clk 0:15:00]} 13. a3 {[%clk 0:16:51]} a5 {[%clk 0:14:52]}
14. Re1 {[%clk 0:17:00]} Bd7 {[%clk 0:13:34]} 15. c5 {[%clk 0:17:04]} Be7
{[%clk 0:12:46]} 16. Rc4 {[%clk 0:17:04]} b5 {[%clk 0:11:40]} 17. Rc1
{[%clk 0:14:22]} Rc8 {[%clk 0:11:12]} 18. Ne4 {[%clk 0:13:35]} Be8
{[%clk 0:09:31]} 19. Qb3 {[%clk 0:13:11]} Rb8 {[%clk 0:07:54]} 20. Nfd2
{[%clk 0:12:56]} a4 {[%clk 0:07:46]} 21. Qc2 {[%clk 0:12:50]} Na5
{[%clk 0:05:20]} 22. Nd6 {[%clk 0:11:24]} Bc6 {[%clk 0:03:45]} 23. Bxc6
{[%clk 0:07:58]} Nxc6 {[%clk 0:03:53]} 24. Nf3 {[%clk 0:08:07]} Na5
{[%clk 0:02:54]} 25. Nxd4 {[%clk 0:06:20]} Bxd6 {[%clk 0:03:02]} 26. cxd6
{[%clk 0:06:28]} Qxd6 {[%clk 0:03:11]} 27. Qc5 {[%clk 0:06:25]} Rfd8
{[%clk 0:01:33]} 28. Nf3 {[%clk 0:03:22]} Qxc5 {[%clk 0:01:25]} 29. Rxc5
{[%clk 0:03:31]} Rxd3 {[%clk 0:01:29]} 30. Ne5 {[%clk 0:03:36]} Rb3
{[%clk 0:01:24]} 31. Rc7 {[%clk 0:03:37]} Rxb2 {[%clk 0:01:01]} 32. Rd1
{[%clk 0:03:17]} Rb7 {[%clk 0:00:24]} 33. Rd8+ {[%clk 0:03:05]} Kh7
{[%clk 0:00:33]} 34. Rcc8 {[%clk 0:03:14]} g6 {[%clk 0:00:16]} 35. Ng4
{[%clk 0:02:56]} g5 {[%clk 0:00:15]} 36. Rg8 {[%clk 0:03:00]} h5 {[%clk 0:00:14]}
37. Nf6+ {[%clk 0:03:07]} Kh6 {[%clk 0:00:23]} 38. h4 {[%clk 0:02:24]} gxh4
{[%clk 0:00:18]} 39. gxh4 {[%clk 0:02:33]} Rb1+ {[%clk 0:00:17]} 40. Kg2
{[%clk 0:02:36]} Nc6 {[%clk 0:00:12]} 41. Rxc6 {[%clk 0:02:33]} b4
{[%clk 0:00:11]} 42. Rc5 {[%clk 0:02:11]} e5 {[%clk 0:00:11]} 43. Rxe5
{[%clk 0:02:18]} 1-0

[Event "Russian Rapid Team Championship (w)"]
[Site "Sochi"]
[Date "2022.10.19"]
[Round "6.9"]
[White "Shuvalova, Polina"]
[Black "Strutinskaia, Galina"]
[Result "1-0"]
[BlackElo "1997"]
[WhiteElo "2392"]
[LiveChessVersion "1.4.8"]

1. d4 {[%clk 0:15:19]} d5 {[%clk 0:15:18]} 2. Nf3 {[%clk 0:15:27]} c6
{[%clk 0:14:46]} 3. c4 {[%clk 0:15:17]} e6 {[%clk 0:14:46]} 4. Nc3
{[%clk 0:15:13]} Nf6 {[%clk 0:14:50]} 5. Bg5 {[%clk 0:15:05]} Nbd7
{[%clk 0:14:43]} 6. e3 {[%clk 0:15:03]} Qa5 {[%clk 0:14:38]} 7. Nd2
{[%clk 0:14:55]} Ne4 {[%clk 0:13:39]} 8. Ndxe4 {[%clk 0:14:12]} dxe4
{[%clk 0:13:47]} 9. Bh4 {[%clk 0:14:10]} Bb4 {[%clk 0:12:46]} 10. Qc2
{[%clk 0:13:20]} e5 {[%clk 0:11:48]} 11. Be2 {[%clk 0:13:03]} f5 {[%clk 0:10:28]}
12. O-O {[%clk 0:12:49]} O-O {[%clk 0:09:58]} 13. a3 {[%clk 0:12:18]} Bxc3
{[%clk 0:09:43]} 14. bxc3 {[%clk 0:12:25]} c5 {[%clk 0:08:23]} 15. Rfb1
{[%clk 0:08:08]} Qc7 {[%clk 0:08:16]} 16. a4 {[%clk 0:07:53]} b6 {[%clk 0:08:14]}
17. a5 {[%clk 0:07:56]} Bb7 {[%clk 0:07:35]} 18. dxe5 {[%clk 0:07:33]} Qxe5
{[%clk 0:07:08]} 19. Bg3 {[%clk 0:07:39]} Qe6 {[%clk 0:05:51]} 20. h3
{[%clk 0:07:11]} Ne5 {[%clk 0:05:09]} 21. Qb3 {[%clk 0:06:57]} Nd7
{[%clk 0:04:06]} 22. Rd1 {[%clk 0:06:44]} Qf7 {[%clk 0:03:43]} 23. Qb5
{[%clk 0:06:09]} Nf6 {[%clk 0:02:26]} 24. axb6 {[%clk 0:06:01]} axb6
{[%clk 0:02:33]} 25. Qxb6 {[%clk 0:06:04]} Rfc8 {[%clk 0:02:06]} 26. Rxa8
{[%clk 0:05:17]} Bxa8 {[%clk 0:02:14]} 27. Ra1 {[%clk 0:04:28]} Ne8
{[%clk 0:01:37]} 28. Ra7 {[%clk 0:03:17]} Qf6 {[%clk 0:01:17]} 29. Qxf6
{[%clk 0:03:21]} Nxf6 {[%clk 0:01:16]} 30. Bd6 {[%clk 0:03:13]} Ne8
{[%clk 0:01:06]} 31. Be5 {[%clk 0:03:13]} Bc6 {[%clk 0:01:12]} 32. g4
{[%clk 0:03:04]} fxg4 {[%clk 0:01:12]} 33. Bxg4 {[%clk 0:02:40]} Ra8
{[%clk 0:01:20]} 34. Be6+ {[%clk 0:02:42]} Kh8 {[%clk 0:01:25]} 35. Rf7
{[%clk 0:02:42]} Nf6 {[%clk 0:01:28]} 36. Rxf6 {[%clk 0:02:30]} 1-0

[Event "Russian Rapid Team Championship (w)"]
[Site "Sochi"]
[Date "2022.10.19"]
[Round "6.10"]
[White "Bogumil, Tatiana"]
[Black "Gunina, Valentina"]
[Result "1/2-1/2"]
[BlackElo "2421"]
[WhiteElo "2082"]
[LiveChessVersion "1.4.8"]

1. Nf3 {[%clk 0:15:10]} d5 {[%clk 0:15:17]} 2. g3 {[%clk 0:15:14]} c6
{[%clk 0:15:25]} 3. Bg2 {[%clk 0:15:23]} Bg4 {[%clk 0:15:33]} 4. b3
{[%clk 0:15:01]} Bxf3 {[%clk 0:15:23]} 5. Bxf3 {[%clk 0:15:09]} e5
{[%clk 0:15:31]} 6. d3 {[%clk 0:14:38]} Nf6 {[%clk 0:15:38]} 7. Bb2
{[%clk 0:14:40]} Bd6 {[%clk 0:15:46]} 8. Nd2 {[%clk 0:14:21]} O-O
{[%clk 0:15:53]} 9. c4 {[%clk 0:13:33]} Re8 {[%clk 0:15:51]} 10. Qc2
{[%clk 0:12:37]} a5 {[%clk 0:15:49]} 11. a3 {[%clk 0:12:33]} Na6 {[%clk 0:15:56]}
12. O-O {[%clk 0:12:24]} Nc5 {[%clk 0:15:53]} 13. cxd5 {[%clk 0:11:03]} cxd5
{[%clk 0:16:00]} 14. d4 {[%clk 0:11:08]} exd4 {[%clk 0:15:44]} 15. Bxd4
{[%clk 0:11:09]} Ne6 {[%clk 0:15:50]} 16. Bxf6 {[%clk 0:10:26]} Qxf6
{[%clk 0:15:58]} 17. e3 {[%clk 0:06:32]} Rac8 {[%clk 0:15:43]} 18. Qd3
{[%clk 0:06:32]} d4 {[%clk 0:15:38]} 19. exd4 {[%clk 0:05:42]} Nxd4
{[%clk 0:15:45]} 20. Bxb7 {[%clk 0:05:28]} Rc3 {[%clk 0:15:23]} 21. Qa6
{[%clk 0:05:00]} h5 {[%clk 0:10:46]} 22. Ne4 {[%clk 0:03:53]} Rxe4
{[%clk 0:04:42]} 23. Bxe4 {[%clk 0:03:51]} g6 {[%clk 0:04:51]} 24. Rad1
{[%clk 0:02:05]} 1/2-1/2

[Event "Russian Rapid Team Championship (w)"]
[Site "Sochi"]
[Date "2022.10.19"]
[Round "6.11"]
[White "Badelka, Olga"]
[Black "Sirotkina, Nina"]
[Result "1-0"]
[BlackElo "2090"]
[WhiteElo "2316"]
[LiveChessVersion "1.4.8"]

1. c4 {[%clk 0:15:18]} e6 {[%clk 0:15:17]} 2. Nc3 {[%clk 0:15:24]} d5
{[%clk 0:15:24]} 3. d4 {[%clk 0:15:32]} Be7 {[%clk 0:15:31]} 4. cxd5
{[%clk 0:15:36]} exd5 {[%clk 0:15:36]} 5. Bf4 {[%clk 0:15:44]} c6
{[%clk 0:15:36]} 6. e3 {[%clk 0:15:50]} Bf5 {[%clk 0:15:26]} 7. g4
{[%clk 0:14:14]} Bg6 {[%clk 0:12:07]} 8. h4 {[%clk 0:14:12]} Bxh4
{[%clk 0:09:17]} 9. Qb3 {[%clk 0:14:20]} b6 {[%clk 0:09:04]} 10. Nf3
{[%clk 0:14:14]} Be7 {[%clk 0:08:37]} 11. Ne5 {[%clk 0:13:57]} Nf6
{[%clk 0:07:43]} 12. Be2 {[%clk 0:12:19]} O-O {[%clk 0:04:58]} 13. O-O-O
{[%clk 0:12:03]} Nfd7 {[%clk 0:02:28]} 14. Nxg6 {[%clk 0:10:48]} hxg6
{[%clk 0:02:07]} 15. Rh3 {[%clk 0:10:31]} Bh4 {[%clk 0:01:24]} 16. Rdh1
{[%clk 0:09:04]} g5 {[%clk 0:01:31]} 17. Bxg5 {[%clk 0:09:09]} Qxg5
{[%clk 0:01:37]} 18. Rxh4 {[%clk 0:09:18]} f6 {[%clk 0:00:41]} 19. f4
{[%clk 0:09:17]} Qg6 {[%clk 0:00:35]} 20. Nxd5 {[%clk 0:09:20]} 1-0

[Event "Russian Rapid Team Championship (w)"]
[Site "Sochi"]
[Date "2022.10.19"]
[Round "6.12"]
[White "Mikhaylova, Irina"]
[Black "Charochkina, Daria"]
[Result "1/2-1/2"]
[BlackElo "2245"]
[WhiteElo "2219"]
[LiveChessVersion "1.4.8"]

1. d4 {[%clk 0:15:19]} Nf6 {[%clk 0:15:16]} 2. Nf3 {[%clk 0:15:02]} d6
{[%clk 0:15:21]} 3. c4 {[%clk 0:15:07]} g6 {[%clk 0:15:30]} 4. Nc3
{[%clk 0:15:16]} Bf5 {[%clk 0:15:39]} 5. d5 {[%clk 0:15:24]} Bg7 {[%clk 0:15:44]}
6. Nd4 {[%clk 0:15:33]} Bd7 {[%clk 0:15:45]} 7. e4 {[%clk 0:15:32]} O-O
{[%clk 0:15:28]} 8. Be2 {[%clk 0:15:32]} c6 {[%clk 0:14:00]} 9. O-O
{[%clk 0:14:58]} a5 {[%clk 0:13:59]} 10. Be3 {[%clk 0:13:24]} Na6
{[%clk 0:14:03]} 11. f3 {[%clk 0:12:33]} Nc5 {[%clk 0:13:54]} 12. Nb3
{[%clk 0:09:24]} Nxb3 {[%clk 0:12:02]} 13. Qxb3 {[%clk 0:09:15]} cxd5
{[%clk 0:12:11]} 14. cxd5 {[%clk 0:08:50]} a4 {[%clk 0:12:16]} 15. Qb4
{[%clk 0:07:26]} Qa5 {[%clk 0:11:03]} 16. Qxa5 {[%clk 0:07:22]} Rxa5
{[%clk 0:11:11]} 17. Bb6 {[%clk 0:06:49]} Raa8 {[%clk 0:11:18]} 18. Rac1
{[%clk 0:06:17]} a3 {[%clk 0:11:01]} 19. b3 {[%clk 0:05:24]} Nh5 {[%clk 0:10:38]}
20. Be3 {[%clk 0:04:44]} Rfc8 {[%clk 0:10:07]} 21. Bd2 {[%clk 0:03:18]} Bd4+
{[%clk 0:07:22]} 22. Kh1 {[%clk 0:03:28]} Nf4 {[%clk 0:07:29]} 23. Bxf4
{[%clk 0:02:54]} Bxc3 {[%clk 0:07:36]} 24. Rfd1 {[%clk 0:02:16]} Bb2
{[%clk 0:07:44]} 25. Rxc8+ {[%clk 0:02:21]} Rxc8 {[%clk 0:07:52]} 26. Bd3
{[%clk 0:02:30]} Rc3 {[%clk 0:08:00]} 27. Kg1 {[%clk 0:02:13]} f5
{[%clk 0:07:24]} 28. h3 {[%clk 0:01:36]} Kf7 {[%clk 0:05:15]} 29. Kf1
{[%clk 0:01:32]} Kf6 {[%clk 0:04:21]} 30. Ke2 {[%clk 0:01:32]} g5
{[%clk 0:04:05]} 31. Bd2 {[%clk 0:01:30]} Rc7 {[%clk 0:03:58]} 32. g4
{[%clk 0:00:56]} f4 {[%clk 0:03:19]} 33. h4 {[%clk 0:00:52]} h6 {[%clk 0:02:48]}
34. hxg5+ {[%clk 0:01:00]} hxg5 {[%clk 0:02:57]} 35. Rh1 {[%clk 0:01:06]} Rc8
{[%clk 0:02:32]} 36. Rh6+ {[%clk 0:01:10]} Kg7 {[%clk 0:02:39]} 37. Rh5
{[%clk 0:01:15]} Bf6 {[%clk 0:02:45]} 38. Rh1 {[%clk 0:01:20]} Bb2
{[%clk 0:01:25]} 39. Rh5 {[%clk 0:01:27]} Bf6 {[%clk 0:01:14]} 40. Rh1
{[%clk 0:01:36]} Bb2 {[%clk 0:01:05]} 1/2-1/2

[Event "Russian Rapid Team Championship (w)"]
[Site "Sochi"]
[Date "2022.10.19"]
[Round "7.1"]
[White "Styazhkina, Anna"]
[Black "Pogonina, Natalija"]
[Result "1-0"]
[BlackElo "2466"]
[WhiteElo "2071"]
[LiveChessVersion "1.4.8"]

1. e4 {[%clk 0:15:17]} e5 {[%clk 0:15:18]} 2. Nf3 {[%clk 0:15:18]} Nc6
{[%clk 0:15:26]} 3. Bc4 {[%clk 0:15:25]} Nf6 {[%clk 0:15:23]} 4. d3
{[%clk 0:15:25]} Bc5 {[%clk 0:15:27]} 5. O-O {[%clk 0:15:10]} d6 {[%clk 0:15:22]}
6. c3 {[%clk 0:15:15]} a6 {[%clk 0:15:28]} 7. Bb3 {[%clk 0:15:21]} Ba7
{[%clk 0:14:51]} 8. Nbd2 {[%clk 0:15:25]} O-O {[%clk 0:14:54]} 9. h3 Ne7
{[%clk 0:13:35]} 10. Re1 {[%clk 0:15:31]} Ng6 {[%clk 0:13:40]} 11. Nf1
{[%clk 0:15:37]} b5 {[%clk 0:12:52]} 12. Ng3 {[%clk 0:15:32]} Bb7
{[%clk 0:12:58]} 13. Nf5 {[%clk 0:10:38]} Bc8 {[%clk 0:10:51]} 14. Bc2
{[%clk 0:07:14]} d5 {[%clk 0:10:12]} 15. Qe2 {[%clk 0:05:54]} Re8
{[%clk 0:08:51]} 16. N3h4 {[%clk 0:02:29]} Nxh4 {[%clk 0:07:12]} 17. Nxh4
{[%clk 0:02:37]} d4 {[%clk 0:05:48]} 18. Qf3 {[%clk 0:00:30]} Be6
{[%clk 0:04:54]} 19. Nf5 {[%clk 0:00:34]} Bxf5 {[%clk 0:04:45]} 20. Qxf5
{[%clk 0:00:40]} Qd6 {[%clk 0:04:28]} 21. a4 {[%clk 0:00:36]} h6 {[%clk 0:03:57]}
22. Bd2 {[%clk 0:00:29]} Bb6 {[%clk 0:03:48]} 23. Kh1 {[%clk 0:00:27]} Rad8
{[%clk 0:03:43]} 24. axb5 {[%clk 0:00:26]} axb5 {[%clk 0:03:51]} 25. Rad1
{[%clk 0:00:30]} dxc3 {[%clk 0:02:43]} 26. bxc3 {[%clk 0:00:38]} Qe6
{[%clk 0:02:49]} 27. Qf3 {[%clk 0:00:44]} Ra8 {[%clk 0:02:43]} 28. Rb1
{[%clk 0:00:50]} c6 {[%clk 0:02:44]} 29. Bb3 {[%clk 0:00:57]} Qd6
{[%clk 0:02:50]} 30. Qg3 {[%clk 0:00:57]} Nh5 {[%clk 0:01:50]} 31. Qg4
{[%clk 0:00:56]} Nf4 {[%clk 0:01:14]} 32. Bxf4 {[%clk 0:00:54]} exf4
{[%clk 0:01:23]} 33. d4 {[%clk 0:01:00]} g5 {[%clk 0:00:45]} 34. e5
{[%clk 0:00:38]} Qg6 {[%clk 0:00:53]} 35. Rbc1 {[%clk 0:00:31]} Kg7
{[%clk 0:00:55]} 36. Bc2 {[%clk 0:00:31]} Qe6 {[%clk 0:00:54]} 37. Bf5
{[%clk 0:00:37]} Qc4 {[%clk 0:00:44]} 38. e6 {[%clk 0:00:18]} Bc7
{[%clk 0:00:26]} 39. exf7 {[%clk 0:00:21]} Qxf7 {[%clk 0:00:33]} 40. Bd7
{[%clk 0:00:26]} Rxe1+ {[%clk 0:00:34]} 41. Rxe1 {[%clk 0:00:35]} Ra3
{[%clk 0:00:21]} 42. Be8 {[%clk 0:00:33]} Qf6 {[%clk 0:00:26]} 43. Qd7+
{[%clk 0:00:39]} 1-0

[Event "Russian Rapid Team Championship (w)"]
[Site "Sochi"]
[Date "2022.10.19"]
[Round "7.2"]
[White "Girya, Olga"]
[Black "Karmanova, Olga Dm."]
[Result "1-0"]
[BlackElo "2096"]
[WhiteElo "2298"]
[LiveChessVersion "1.4.8"]

1. d4 {[%clk 0:15:18]} Nf6 {[%clk 0:15:19]} 2. Nf3 {[%clk 0:15:27]} e6
{[%clk 0:15:27]} 3. c4 {[%clk 0:15:36]} d5 {[%clk 0:15:36]} 4. Nc3
{[%clk 0:15:45]} Bb4 {[%clk 0:15:44]} 5. cxd5 {[%clk 0:15:36]} exd5
{[%clk 0:15:51]} 6. Qa4+ {[%clk 0:15:45]} Nc6 {[%clk 0:15:59]} 7. Bg5
{[%clk 0:15:53]} h6 {[%clk 0:15:43]} 8. Bxf6 {[%clk 0:16:02]} Qxf6
{[%clk 0:15:51]} 9. e3 {[%clk 0:16:11]} O-O {[%clk 0:15:54]} 10. Be2
{[%clk 0:16:20]} Be6 {[%clk 0:15:15]} 11. a3 {[%clk 0:16:19]} Bd6
{[%clk 0:13:03]} 12. Nb5 {[%clk 0:16:23]} Bf5 {[%clk 0:12:50]} 13. Nxd6
{[%clk 0:15:41]} Qxd6 {[%clk 0:12:58]} 14. O-O {[%clk 0:15:48]} Ne7
{[%clk 0:12:46]} 15. Rfc1 {[%clk 0:14:27]} c6 {[%clk 0:12:49]} 16. b4
{[%clk 0:13:42]} a6 {[%clk 0:12:58]} 17. Qb3 {[%clk 0:13:23]} Bg4
{[%clk 0:11:09]} 18. a4 {[%clk 0:11:56]} b5 {[%clk 0:11:18]} 19. a5 Qf6
{[%clk 0:09:49]} 20. Rc5 {[%clk 0:11:01]} Rfd8 {[%clk 0:07:59]} 21. Rac1
{[%clk 0:11:02]} Bxf3 {[%clk 0:08:08]} 22. Bxf3 {[%clk 0:11:10]} Rab8
{[%clk 0:07:27]} 23. h3 {[%clk 0:10:46]} Qd6 {[%clk 0:07:27]} 24. R1c3
{[%clk 0:10:07]} Qf6 {[%clk 0:07:26]} 25. Qc2 {[%clk 0:10:13]} Qd6
{[%clk 0:06:33]} 26. g3 {[%clk 0:10:06]} Qf6 {[%clk 0:06:39]} 27. Kg2
{[%clk 0:10:15]} Qd6 {[%clk 0:06:48]} 28. h4 {[%clk 0:10:17]} Qf6
{[%clk 0:06:22]} 29. Qd3 {[%clk 0:09:11]} Qd6 {[%clk 0:05:54]} 30. Bd1
{[%clk 0:09:12]} Qe6 {[%clk 0:04:43]} 31. Bc2 {[%clk 0:09:06]} f5
{[%clk 0:04:52]} 32. Qd1 {[%clk 0:07:39]} Qf7 {[%clk 0:04:38]} 33. h5
{[%clk 0:06:26]} Rd6 {[%clk 0:03:05]} 34. Qf3 {[%clk 0:06:29]} Rbd8
{[%clk 0:03:12]} 35. Bd3 {[%clk 0:06:34]} Qf6 {[%clk 0:03:16]} 36. Rc1
{[%clk 0:06:18]} Qg5 {[%clk 0:03:17]} 37. Kf1 {[%clk 0:06:05]} Qf6
{[%clk 0:03:20]} 38. Ke2 {[%clk 0:06:10]} Qg5 {[%clk 0:02:46]} 39. Rh1
{[%clk 0:05:55]} Re6 {[%clk 0:02:18]} 40. Rh4 {[%clk 0:05:51]} Rf8
{[%clk 0:02:10]} 41. Rf4 {[%clk 0:05:58]} Rff6 {[%clk 0:01:37]} 42. Kd2
{[%clk 0:06:05]} Re4 {[%clk 0:01:02]} 43. Bxe4 {[%clk 0:04:48]} dxe4
{[%clk 0:01:11]} 44. Qd1 {[%clk 0:04:51]} Nd5 {[%clk 0:01:20]} 45. Rh4
{[%clk 0:04:41]} f4 {[%clk 0:01:04]} 46. Rxf4 {[%clk 0:04:39]} Rxf4
{[%clk 0:01:13]} 47. gxf4 {[%clk 0:04:42]} Qf6 {[%clk 0:01:12]} 48. Qb3
{[%clk 0:03:32]} Qh4 {[%clk 0:00:54]} 49. Rxc6 {[%clk 0:03:31]} Qxf2+
{[%clk 0:01:02]} 50. Kc1 {[%clk 0:03:39]} Qe1+ {[%clk 0:00:37]} 51. Kb2
{[%clk 0:03:46]} Qe2+ {[%clk 0:00:46]} 52. Ka3 {[%clk 0:03:39]} Qd3
{[%clk 0:00:25]} 53. Rd6 {[%clk 0:02:56]} Qxb3+ {[%clk 0:00:25]} 54. Kxb3
{[%clk 0:03:05]} Nxe3 {[%clk 0:00:34]} 55. Re6 {[%clk 0:02:46]} Nf1
{[%clk 0:00:37]} 56. d5 {[%clk 0:02:40]} Kf7 {[%clk 0:00:42]} 57. Kc3
{[%clk 0:02:24]} Ng3 {[%clk 0:00:50]} 58. Rxa6 {[%clk 0:02:16]} Nxh5
{[%clk 0:00:53]} 59. Ra7+ {[%clk 0:01:45]} Kf6 {[%clk 0:00:54]} 60. a6
{[%clk 0:01:50]} Nxf4 {[%clk 0:01:00]} 61. Rd7 {[%clk 0:01:19]} 1-0

[Event "Russian Rapid Team Championship (w)"]
[Site "Sochi"]
[Date "2022.10.19"]
[Round "7.4"]
[White "Kovanova, Baira"]
[Black "Reger, Valeriia"]
[Result "0-1"]
[BlackElo "1939"]
[WhiteElo "2231"]
[LiveChessVersion "1.4.8"]

1. e4 {[%clk 0:15:17]} e6 {[%clk 0:15:19]} 2. d4 {[%clk 0:15:26]} d5
{[%clk 0:15:27]} 3. Nc3 {[%clk 0:15:28]} Bb4 {[%clk 0:15:17]} 4. e5
{[%clk 0:15:35]} c5 {[%clk 0:15:25]} 5. Bd2 {[%clk 0:15:07]} Nc6 {[%clk 0:15:21]}
6. Nb5 {[%clk 0:14:19]} Nge7 {[%clk 0:14:32]} 7. Bxb4 {[%clk 0:12:13]} cxb4
{[%clk 0:14:28]} 8. Nd6+ {[%clk 0:10:25]} Kf8 {[%clk 0:14:36]} 9. Qf3
{[%clk 0:09:26]} Nf5 {[%clk 0:14:22]} 10. Nxf5 {[%clk 0:09:34]} exf5
{[%clk 0:14:30]} 11. O-O-O {[%clk 0:08:59]} Be6 {[%clk 0:13:45]} 12. Kb1
{[%clk 0:09:02]} a5 {[%clk 0:13:45]} 13. Ne2 {[%clk 0:09:02]} a4 {[%clk 0:12:59]}
14. Nf4 {[%clk 0:08:51]} Qd7 {[%clk 0:12:28]} 15. c4 {[%clk 0:08:31]} bxc3
{[%clk 0:09:57]} 16. Qxc3 {[%clk 0:08:39]} g6 {[%clk 0:09:19]} 17. Bb5
{[%clk 0:07:39]} Kg7 {[%clk 0:08:43]} 18. h4 {[%clk 0:05:32]} h5 {[%clk 0:08:29]}
19. Rh3 {[%clk 0:05:03]} Qe7 {[%clk 0:06:33]} 20. Qa3 {[%clk 0:03:54]} Rhc8
{[%clk 0:03:59]} 21. Qe3 {[%clk 0:03:19]} a3 {[%clk 0:03:37]} 22. b3
{[%clk 0:02:40]} Ra5 {[%clk 0:02:41]} 23. Bxc6 {[%clk 0:02:12]} Rxc6
{[%clk 0:02:25]} 24. Qd2 {[%clk 0:02:16]} Ra8 {[%clk 0:02:16]} 25. Nxh5+
{[%clk 0:01:06]} gxh5 {[%clk 0:02:25]} 26. Rg3+ {[%clk 0:01:15]} Kh7
{[%clk 0:02:34]} 27. Rg5 {[%clk 0:01:25]} Bd7 {[%clk 0:02:43]} 28. Rxh5+
{[%clk 0:00:57]} Kg7 {[%clk 0:02:53]} 29. Qe2 {[%clk 0:01:05]} Rg6
{[%clk 0:02:09]} 30. Qf3 {[%clk 0:01:14]} f4 {[%clk 0:01:41]} 31. Qxf4
{[%clk 0:01:09]} Bg4 {[%clk 0:01:50]} 32. f3 {[%clk 0:00:46]} Bxh5
{[%clk 0:01:53]} 33. g4 {[%clk 0:00:55]} Qxh4 {[%clk 0:01:58]} 34. Rc1
{[%clk 0:01:03]} Bxg4 {[%clk 0:01:48]} 35. Rc7 {[%clk 0:00:35]} Qh1+
{[%clk 0:01:12]} 36. Kc2 {[%clk 0:00:43]} Be6 {[%clk 0:01:15]} 0-1